000 00749cam a2200241 a 4500
001 13234135
005 20251124212146.0
008 030611s2004 njua b 001 0 eng
020 _a0130482196
020 _a9780130482198
050 0 0 _aTA710
_b.L545 2004
082 0 0 _a624.1/5136
_221
100 1 _aLiu, Cheng,
_d1937-
245 1 0 _aSoils and foundations /
_cCheng Liu, Jack B. Evett.
250 _a6th ed.
260 _aUpper Saddle River, N.J. :
_bPearson Prentice Hall,
_cc2004.
300 _ax, 486 p. :
_bill. ;
_c24 cm.
650 0 _aSoil mechanics.
650 0 _aFoundations.
700 1 _aEvett, Jack B.,
_d1942-
856 4 1 _3Table of contents
_uhttp://www.loc.gov/catdir/toc/ecip045/2003013177.html
942 _2lcc
_cBK
_e6th ed.
_n0
999 _c8383
_d8383